Luchas contrahegemónicas y cambios políticos recientes de América latina / (Registro nro. 4970)
[ vista simple ]
| 000 -LEADER | |
|---|---|
| fixed length control field | 01390nam a2200277Ia 4500 |
| 003 - CONTROL NUMBER IDENTIFIER | |
| control field | OSt |
| 005 - DATE AND TIME OF LATEST TRANSACTION | |
| control field | 20200420123801.0 |
| 008 - FIXED-LENGTH DATA ELEMENTS--GENERAL INFORMATION | |
| fixed length control field | 191128s2008 ag gr 000 0 spa d |
| 020 ## - INTERNATIONAL STANDARD BOOK NUMBER | |
| International Standard Book Number | 9789871183999 |
| 040 ## - CATALOGING SOURCE | |
| Original cataloging agency | CO-JMCR |
| Transcribing agency | CO-JMCR |
| 041 0# - LANGUAGE CODE | |
| Language code of text/sound track or separate title | spa |
| 082 04 - DEWEY DECIMAL CLASSIFICATION NUMBER | |
| Classification number | 303.484 / |
| Item number | L81 |
| 100 1# - MAIN ENTRY--PERSONAL NAME | |
| Personal name | Lopez Maya, Margarita, |
| Relator term | compiladora |
| 9 (RLIN) | 3228 |
| 245 10 - TITLE STATEMENT | |
| Title | Luchas contrahegemónicas y cambios políticos recientes de América latina / |
| Statement of responsibility, etc. | Margarita Lopéz Maya, Nicolás Iñigo Carrera, Pilar Calveiro ; editores Silvia Dureénit Bielous [y otros 16] |
| 260 ## - PUBLICATION, DISTRIBUTION, ETC. | |
| Place of publication, distribution, etc. | Buenos Aires : |
| Name of publisher, distributor, etc. | Clacso, |
| Date of publication, distribution, etc. | 2008 |
| 300 ## - PHYSICAL DESCRIPTION | |
| Extent | 381 páginas ; |
| Dimensions | 28 cm. |
| 490 0# - SERIES STATEMENT | |
| Series statement | Grupos de trabajo |
| 505 ## - FORMATTED CONTENTS NOTE | |
| Formatted contents note | Para un debate sobre lo conceptual y metodológico -- Acerca de la difícil relación entre violencia y resistencia / Pilar Calveiro -- La lucha contra la impunidad en las sociedades del Cono sur. -- Reflexiones acerca de la verdad, la justicia y la razón de es |
| 520 ## - SUMMARY, ETC. | |
| Summary, etc. | Resulta evidente que América Latina en su historia reciente que se ha ido extendiendo, a medida que se avanza en el siglo XXI, a casi todas las sociedades de la región. Es un fenómeno diverso. |
| 650 14 - SUBJECT ADDED ENTRY--TOPICAL TERM | |
| Topical term or geographic name entry element | Sociología |
| 9 (RLIN) | 2811 |
| 650 24 - SUBJECT ADDED ENTRY--TOPICAL TERM | |
| Topical term or geographic name entry element | Resistencia popular |
| 9 (RLIN) | 3229 |
| 650 24 - SUBJECT ADDED ENTRY--TOPICAL TERM | |
| Topical term or geographic name entry element | Contrahegemonía |
| 9 (RLIN) | 3230 |
| 700 1# - ADDED ENTRY--PERSONAL NAME | |
| Personal name | Iñigo Carrera, Nicolas, |
| Relator term | editor |
| 9 (RLIN) | 3231 |
| 700 1# - ADDED ENTRY--PERSONAL NAME | |
| Personal name | Calveiro, Pilar, |
| Relator term | editora |
| 9 (RLIN) | 3232 |
| 942 ## - ADDED ENTRY ELEMENTS (KOHA) | |
| Source of classification or shelving scheme | Dewey Decimal Classification |
| Koha item type | Books |
| Withdrawn status | Lost status | Source of classification or shelving scheme | Materials specified (bound volume or other part) | Damaged status | Not for loan | Home library | Current library | Shelving location | Date acquired | Source of acquisition | Cost, normal purchase price | Total Checkouts | Full call number | Barcode | Date last seen | Date last checked out | Copy number | Price effective from | Koha item type |
|---|---|---|---|---|---|---|---|---|---|---|---|---|---|---|---|---|---|---|---|
| Dewey Decimal Classification | Donación--15/04/2018-- | Biblioteca Pública José María del Castillo y Rada | Biblioteca Pública José María del Castillo y Rada | General Stacks | 11/28/2019 | Donación | 0.00 | 1 | 303.484 / L81 | 430001081 | 05/16/2024 | 12/20/2019 | Ej.1 | 11/28/2019 | Books |